000 00702nas a2200229 4500
001 BR2014004718
003 BR-BrBNA
005 20231205124312.0
007 ta
008 230509b bl.|||p| |||| 00| 00por d
040 _aBR-BrBNA
_bpor
_cBiblioteca Nacional de Agricultura
041 _a(Pt)
072 _aL60
100 1 _aRosário, A.S. do
100 1 _aSecco, R. de S.
245 1 _aSinopse das espécies de Marlierea Cambess. (Myrtaceae)na Amazônia brasileira
650 _aMYRTACEAE
650 _aTAXONOMIA VEGETAL
773 0 _tActa Amazônica (Brazil)
_xISSN 0044-5967
_g(Mar 2006), v.36(1) p. 37-52
_wBR2014004718
909 _a202311
_bLúcia
_c55
_dLúcia Elande
942 _2AGRIS
_n0
_cANA
999 _c238363
_d238363